000 00634nam a2200217Ia 4500
003 OSt
005 20220925204742.0
006 a|||||r|||| 00| 0
007 ta
008 220923b |||||||| |||| 00| 0 eng d
037 _cGeneral Book
040 _aRTL
_cRTL
_beng
041 _2eng
_aeng
082 _aY:5.236sN91, P1.7
100 _aCensus of India, 1991
245 0 _aSpecial tables on scheduled castes. Gujrat. V. 7, Pt. VIII-I
260 _aGujrat
_bGovt. Press
_c1991
300 _av, 1023p
_ccm.
942 _hY:5.236sN91, P1.7
_cGB
_2CC
999 _c550334
_d550334